01957cam a22001694a 4500020001500000020001800015050002000033110002900053245007800082260005300160300008100213440002900294500001900323505140100342650002301743650002101766 a013048699X a978013048699800aT385b.Ad7 2003 aAgainst the Clock (Firm)00aAdobe Photoshop 7 :bintroduction to digital images /cAgainst the Clock. aUpper Saddle River, NJ :bPrentice Hall,cc2003. a1 v. (various pagings) :bill. (some col.) ;c28 cm. +e1 CD-ROM (4 3/4 in.) aAgainst the Clock Series aIncludes index aGetting Started. Platform. Prerequisites. The CD-ROM and Initial Setup Considerations. Key Commands. Color Management. System Requirements for Photoshop. Introduction. 1. Images. Analog Images. Digital Images. Image File Formats. Using Images. Resolution, Image Sizes, and Color Models. Calibration and Color Models. Understanding Tones and Image Formats. Understanding Tonal Values. 2. The Photoshop Environment. The Workspace. The Photoshop Toolbox. 3. Selection Techniques. Common Selection Tool Attributes. Basic Selection Tools. Manipulating Selections. 4. Working with Layers. Multilayer Documents. Layer Styles. Shape Layers. Strategies for Using Layers. 5. Channels and Masks. Channels. Gradient Masks. Creating Depth Where None Exists. Layer Masks. 6. Painting Tools. The Brushes Palette Returns. Working with Fills. The Eraser Tools. Free-Form Project #1. Review #1. 7. Working with Type. Raster and Vector Graphics. Type Tool. Positioning and Modifying Text. 8. Blending Modes. Blending Modes and Layers. Mode Effects. 9. Creating and Managing Paths. The Paths Palette. Basic Tool Techniques. 10. Filters. The Filter Menu. Types of Filters. 11. Printing and Publishing. Resolution. Printing from Photoshop. Profiles. Preparing Files for Use in Third-Party Applications. 12. Web Design with Photoshop. Understanding the Limitations of HTML. Images. Navigation. Web Techniques. Slicing.  0aComputer graphics. 0aAdobe Photoshop.